Diseases of Ear,Nose,Throat (Record no. 5105)

MARC details
000 -LEADER
fixed length control field 00378nam a2200157Ia 4500
008 - FIXED-LENGTH DATA ELEMENTS--GENERAL INFORMATION
fixed length control field 230312s9999||||xx |||||||||||||| ||und||
020 ## - INTERNATIONAL STANDARD BOOK NUMBER
International Standard Book Number 81-312-2364-2
082 ## - DEWEY DECIMAL CLASSIFICATION NUMBER
Classification number 617.51
Item number DHI-D
100 ## - MAIN ENTRY--PERSONAL NAME
Personal name Dhingrra,P.L
245 #0 - TITLE STATEMENT
Title Diseases of Ear,Nose,Throat
260 ## - PUBLICATION, DISTRIBUTION, ETC.
Name of publisher, distributor, etc. Elsevier
Place of publication, distribution, etc. India
Date of publication, distribution, etc. 2010
300 ## - PHYSICAL DESCRIPTION
Extent 486
546 ## - LANGUAGE NOTE
Language note Eng.
650 ## - SUBJECT ADDED ENTRY--TOPICAL TERM
Topical term or geographic name entry element Medical
Form subdivision Ear,Nose,Throat
942 ## - ADDED ENTRY ELEMENTS (KOHA)
Koha item type BOOK

No items available.

Powered by Koha